| 000 | 00744nam a22002177i 4500 | ||
|---|---|---|---|
| 999 |
_c23481 _d23481 |
||
| 003 | AR-CdUCM | ||
| 008 | 260122b20232023 pe||||| |||| 00| 0 spa d | ||
| 020 | _a978-612-47128-2-1 | ||
| 040 |
_aMUNICIPALIDAD PROVINCIAL DEL CUSCO _cBIBLIOTECA MUNICIPAL DEL CUSCO |
||
| 041 | _hspa | ||
| 082 |
_aES / 869.56 _bN558V |
||
| 100 |
_aNieto Degregori, Luis _96534 |
||
| 245 | _aLa venganza de los dioses moches / | ||
| 260 |
_aLima : _bEditorial Panamericana Perú SAC. _c2023 |
||
| 300 |
_a105 páginas. : _c21x14 cm. |
||
| 505 | _aEl paraíso perdido -- El viejo -- El Dios del Mar -- El cien pies cangrejo | ||
| 650 |
_aDioses Moches _952123 |
||
| 856 | _fwww.editorialpanamericana.com.pe | ||
| 942 |
_2ddc _cLIBROS |
||
| 945 |
_apbjr _d22-01-2026 |
||